[Event "DEM U10 2021"]
[Site "Willingen GER"]
[Date "2021.08.26"]
[Round "7"]
[White "Krüger, Moritz"]
[Black "Nonnenmacher, Philipp"]
[Result "0-1"]
[Termination "normal"]
[Board "21"]
[WhiteElo "1187"]
[BlackElo "1314"]
[WhiteClock "01:10:56"]
[BlackClock "00:40:41"]
[PlyCount "150"]
[WhiteFideId "34608923"]
[BlackFideId "34608869"]
[EventCountry "GER"]
[EventRounds "11"]
[EventType "swiss"]
[EventDate "2021.08.22"]

1. d4 {[%clk 01:15:58]} {[%emt 00:00:01]} d5 {[%clk 01:15:53]} {[%emt
00:00:07]} 2. c4 {[%clk 01:16:15]} {[%emt 00:00:12]} e6 {[%clk 01:16:14]}
{[%emt 00:00:09]} 3. Nc3 {[%clk 01:16:37]} {[%emt 00:00:08]} Nf6 {[%clk
01:16:30]} {[%emt 00:00:14]} 4. Bg5 {[%clk 01:16:59]} {[%emt 00:00:08]} Nbd7
{[%clk 01:16:12]} {[%emt 00:00:48]} 5. Nf3 {[%clk 01:17:11]} {[%emt 00:00:18]}
c6 {[%clk 01:16:12]} {[%emt 00:00:31]} 6. e3 {[%clk 01:15:13]} {[%emt
00:02:28]} Qa5 {[%clk 01:16:19]} {[%emt 00:00:23]} 7. cxd5 {[%clk 01:13:44]}
{[%emt 00:01:59]} Nxd5 {[%clk 01:13:00]} {[%emt 00:03:50]} 8. Qd2 {[%clk
01:11:49]} {[%emt 00:02:23]} Bb4 {[%clk 01:11:46]} {[%emt 00:01:44]} 9. Rc1
{[%clk 01:11:46]} {[%emt 00:00:31]} O-O {[%clk 01:05:18]} {[%emt 00:06:58]} 10.
a3 {[%clk 01:08:24]} {[%emt 00:03:54]} Bxc3 {[%clk 01:04:33]} {[%emt 00:01:14]}
11. bxc3 {[%clk 01:08:04]} {[%emt 00:00:51]} Qxa3 {[%clk 01:04:19]} {[%emt
00:00:44]} 12. Bd3 {[%clk 01:07:49]} {[%emt 00:00:45]} h6 {[%clk 01:01:41]}
{[%emt 00:03:08]} 13. Bh4 {[%clk 01:07:48]} {[%emt 00:00:30]} Re8 {[%clk
01:01:24]} {[%emt 00:00:48]} 14. O-O {[%clk 01:07:56]} {[%emt 00:00:20]} e5
{[%clk 00:58:22]} {[%emt 00:03:34]} 15. e4 {[%clk 01:07:50]} {[%emt 00:00:35]}
Nf4 {[%clk 00:54:45]} {[%emt 00:04:07]} 16. Nxe5 {[%clk 01:06:23]} {[%emt
00:01:59]} Nxe5 {[%clk 00:53:03]} {[%emt 00:02:11]} 17. dxe5 {[%clk 01:05:53]}
{[%emt 00:01:00]} Ng6 {[%clk 00:51:46]} {[%emt 00:01:48]} 18. Bg3 {[%clk
01:05:24]} {[%emt 00:00:59]} Nxe5 {[%clk 00:51:47]} {[%emt 00:00:28]} 19. Bxe5
{[%clk 01:05:36]} {[%emt 00:00:18]} Rxe5 {[%clk 00:51:57]} {[%emt 00:00:19]}
20. Bc4 {[%clk 01:05:41]} {[%emt 00:00:26]} Rxe4 {[%clk 00:50:20]} {[%emt
00:02:07]} 21. Qd8+ {[%clk 01:05:00]} {[%emt 00:01:11]} Qf8 {[%clk 00:50:34]}
{[%emt 00:00:16]} 22. Qd3 {[%clk 01:05:15]} {[%emt 00:00:13]} Re8 {[%clk
00:50:50]} {[%emt 00:00:15]} 23. Bb3 {[%clk 01:05:27]} {[%emt 00:00:18]} Be6
{[%clk 00:50:15]} {[%emt 00:01:07]} 24. Bc2 {[%clk 01:05:38]} {[%emt 00:00:18]}
g6 {[%clk 00:50:30]} {[%emt 00:00:15]} 25. Rfe1 {[%clk 01:05:35]} {[%emt
00:00:30]} Bf5 {[%clk 00:50:31]} {[%emt 00:00:32]} 26. Qd2 {[%clk 01:05:34]}
{[%emt 00:00:31]} Rxe1+ {[%clk 00:50:12]} {[%emt 00:00:49]} 27. Rxe1 {[%clk
01:05:51]} {[%emt 00:00:13]} Bxc2 {[%clk 00:50:29]} {[%emt 00:00:14]} 28. Qxc2
{[%clk 01:06:15]} {[%emt 00:00:06]} Re8 {[%clk 00:50:35]} {[%emt 00:00:24]} 29.
Rb1 {[%clk 01:06:23]} {[%emt 00:00:20]} Qe7 {[%clk 00:50:40]} {[%emt 00:00:24]}
30. h3 {[%clk 01:05:18]} {[%emt 00:01:36]} b6 {[%clk 00:49:55]} {[%emt
00:02:03]} 31. Qa4 {[%clk 01:04:49]} {[%emt 00:00:59]} Qc7 {[%clk 00:49:27]}
{[%emt 00:00:52]} 32. Qh4 {[%clk 01:04:41]} {[%emt 00:00:41]} Qe5 {[%clk
00:46:32]} {[%emt 00:03:28]} 33. Qc4 {[%clk 01:04:24]} {[%emt 00:00:44]} c5
{[%clk 00:46:15]} {[%emt 00:00:50]} 34. Rf1 {[%clk 01:03:45]} {[%emt 00:01:06]}
h5 {[%clk 00:46:03]} {[%emt 00:00:44]} 35. Kh1 {[%clk 01:04:04]} {[%emt
00:00:11]} Qe2 {[%clk 00:45:58]} {[%emt 00:00:37]} 36. Qxe2 {[%clk 01:04:12]}
{[%emt 00:00:21]} Rxe2 {[%emt 00:00:51]} 37. Kg1 {[%clk 01:04:24]} {[%emt
00:01:40]} Rc2 {[%clk 00:46:22]} {[%emt 00:00:22]} 38. Ra1 {[%clk 01:04:27]}
{[%emt 00:00:27]} Rxc3 {[%clk 00:45:12]} {[%emt 00:01:39]} 39. Rxa7 {[%clk
01:04:48]} {[%emt 00:00:09]} Rc1+ {[%clk 00:45:19]} {[%emt 00:00:23]} 40. Kh2
{[%clk 01:05:10]} {[%emt 00:00:09]} b5 {[%clk 00:45:20]} {[%emt 00:00:28]} 41.
Rb7 {[%clk 01:05:24]} {[%emt 00:00:16]} b4 {[%clk 00:45:39]} {[%emt 00:00:12]}
42. Rb5 {[%clk 01:05:48]} {[%emt 00:00:05]} Rc3 {[%clk 00:45:39]} {[%emt
00:00:29]} 43. Kg1 {[%clk 01:06:10]} {[%emt 00:00:09]} b3 {[%clk 00:45:54]}
{[%emt 00:00:16]} 44. Kf1 {[%clk 01:06:27]} {[%emt 00:00:09]} Rc2 {[%clk
00:45:09]} {[%emt 00:01:18]} 45. Rxb3 {[%clk 01:06:50]} {[%emt 00:00:07]} c4
{[%clk 00:45:18]} {[%emt 00:00:22]} 46. Rb8+ {[%clk 01:07:09]} {[%emt
00:00:10]} Kg7 {[%clk 00:45:38]} {[%emt 00:00:10]} 47. Rc8 {[%clk 01:07:30]}
{[%emt 00:00:09]} Kf6 {[%clk 00:45:33]} {[%emt 00:00:35]} 48. Ke1 {[%clk
01:07:44]} {[%emt 00:00:15]} Ke5 {[%clk 00:45:47]} {[%emt 00:00:17]} 49. g3
{[%clk 01:07:56]} {[%emt 00:00:17]} Kd4 {[%clk 00:46:12]} {[%emt 00:00:07]} 50.
f3 {[%clk 01:07:57]} {[%emt 00:00:26]} Kc3 {[%clk 00:46:20]} {[%emt 00:00:23]}
51. Kd1 {[%clk 01:08:20]} {[%emt 00:00:07]} Rd2+ {[%clk 00:46:29]} {[%emt
00:00:22]} 52. Ke1 {[%clk 01:08:36]} {[%emt 00:00:14]} Rc2 {[%clk 00:46:13]}
{[%emt 00:00:46]} 53. Kd1 {[%clk 01:09:00]} {[%emt 00:00:06]} Rb2 {[%clk
00:45:56]} {[%emt 00:00:47]} 54. g4 {[%clk 01:08:35]} {[%emt 00:00:55]} hxg4
{[%clk 00:46:09]} {[%emt 00:00:18]} 55. hxg4 {[%clk 01:08:56]} {[%emt
00:00:08]} Rb1+ {[%clk 00:46:21]} {[%emt 00:00:18]} 56. Ke2 {[%clk 01:09:20]}
{[%emt 00:00:06]} Kb3 {[%clk 00:45:45]} {[%emt 00:01:04]} 57. Kd2 {[%clk
01:09:26]} {[%emt 00:00:27]} Rb2+ {[%clk 00:45:13]} {[%emt 00:01:01]} 58. Kc1
{[%clk 01:09:35]} {[%emt 00:00:20]} c3 {[%clk 00:45:05]} {[%emt 00:00:39]} 59.
Rb8+ {[%clk 01:09:14]} {[%emt 00:00:49]} Kc4 {[%clk 00:45:05]} {[%emt
00:00:29]} 60. Rc8+ {[%clk 01:08:47]} {[%emt 00:01:01]} Kd3 {[%clk 00:45:10]}
{[%emt 00:00:25]} 61. f4 {[%clk 01:08:48]} {[%emt 00:00:28]} Rb4 {[%clk
00:45:04]} {[%emt 00:00:35]} 62. f5 {[%clk 01:08:28]} {[%emt 00:00:50]} Rxg4
{[%clk 00:45:07]} {[%emt 00:00:28]} 63. Rd8+ {[%clk 01:08:37]} {[%emt
00:00:21]} Rd4 {[%clk 00:45:24]} {[%emt 00:00:13]} 64. Rf8 {[%clk 01:08:48]}
{[%emt 00:00:18]} gxf5 {[%clk 00:45:34]} {[%emt 00:00:21]} 65. Rxf7 {[%clk
01:09:09]} {[%emt 00:00:09]} f4 {[%clk 00:45:57]} {[%emt 00:00:08]} 66. Rf8
{[%clk 01:09:19]} {[%emt 00:00:19]} Ke2 {[%clk 00:45:25]} {[%emt 00:01:01]} 67.
Kc2 {[%clk 01:09:34]} {[%emt 00:00:16]} f3 {[%clk 00:43:52]} {[%emt 00:02:03]}
68. Kxc3 {[%clk 01:09:52]} {[%emt 00:00:12]} Rd1 {[%clk 00:43:07]} {[%emt
00:01:15]} 69. Re8+ {[%clk 01:10:03]} {[%emt 00:00:19]} Kf1 {[%clk 00:40:35]}
{[%emt 00:03:02]} 70. Rf8 {[%clk 01:09:43]} {[%emt 00:00:50]} f2 {[%clk
00:40:51]} {[%emt 00:00:14]} 71. Kc2 {[%clk 01:10:06]} {[%emt 00:00:07]} Re1
{[%clk 00:40:57]} {[%emt 00:00:23]} 72. Kd2 {[%clk 01:10:08]} {[%emt 00:00:29]}
Kg2 {[%clk 00:39:56]} {[%emt 00:01:31]} 73. Rg8 {[%clk 01:10:29]} {[%emt
00:00:09]} Kh3 {[%clk 00:40:09]} {[%emt 00:00:18]} 74. Rh8+ {[%clk 01:10:48]}
{[%emt 00:00:10]} Kg4 {[%clk 00:40:24]} {[%emt 00:00:15]} 75. Rg8+ {[%clk
01:10:56]} {[%emt 00:00:22]} Kh5 {[%clk 00:40:41]} {[%emt 00:00:12]} 0-1

[Event "DEM U10 2021"]
[Site "Willingen GER"]
[Date "2021.08.26"]
[Round "7"]
[White "Fettig, Michel"]
[Black "Guo, Felix"]
[Result "0-1"]
[Termination "normal"]
[Board "22"]
[WhiteElo "1297"]
[BlackElo "1045"]
[WhiteClock "00:52:48"]
[BlackClock "01:10:17"]
[PlyCount "56"]
[WhiteFideId "34608982"]
[BlackFideId "16277104"]
[EventCountry "GER"]
[EventRounds "11"]
[EventType "swiss"]
[EventDate "2021.08.22"]

1. c4 {[%clk 01:15:58]} {[%emt 00:00:01]} d6 {[%clk 01:15:51]} {[%emt
00:00:09]} 2. g3 {[%clk 01:16:22]} {[%emt 00:00:07]} Nf6 {[%clk 01:16:13]}
{[%emt 00:00:08]} 3. Bg2 {[%clk 01:16:34]} {[%emt 00:00:17]} g6 {[%clk
01:16:30]} {[%emt 00:00:13]} 4. Nc3 {[%clk 01:13:21]} {[%emt 00:03:43]} Bg7
{[%clk 01:16:15]} {[%emt 00:00:45]} 5. e4 {[%clk 01:13:31]} {[%emt 00:00:21]}
O-O {[%clk 01:16:04]} {[%emt 00:00:41]} 6. d3 {[%clk 01:13:23]} {[%emt
00:00:39]} Nc6 {[%clk 01:15:47]} {[%emt 00:00:45]} 7. Nge2 {[%clk 01:13:00]}
{[%emt 00:00:54]} e5 {[%clk 01:15:31]} {[%emt 00:00:46]} 8. O-O {[%clk
01:12:08]} {[%emt 00:00:19]} Bg4 {[%clk 01:15:23]} {[%emt 00:01:40]} 9. Bg5
{[%clk 01:11:33]} {[%emt 00:01:05]} Qd7 {[%clk 01:14:43]} {[%emt 00:01:09]} 10.
Re1 {[%clk 01:11:18]} {[%emt 00:00:46]} Nd4 {[%clk 01:14:49]} {[%emt 00:00:25]}
11. Bxf6 {[%clk 01:09:03]} {[%emt 00:02:45]} Bxf6 {[%clk 01:14:51]} {[%emt
00:00:27]} 12. Nd5 {[%clk 01:09:21]} {[%emt 00:00:13]} Bg7 {[%clk 01:14:48]}
{[%emt 00:00:32]} 13. Ne3 {[%clk 01:08:32]} {[%emt 00:01:21]} Nxe2+ {[%clk
01:14:24]} {[%emt 00:00:54]} 14. Rxe2 {[%clk 01:08:41]} {[%emt 00:00:20]} Bxe2
{[%clk 01:14:45]} {[%emt 00:00:08]} 15. Qxe2 {[%emt 00:00:43]} b5 {[%emt
00:00:55]} 16. Rc1 {[%clk 01:03:59]} {[%emt 00:03:34]} Bh6 {[%clk 01:14:15]}
{[%emt 00:00:59]} 17. Nd5 {[%clk 01:04:00]} {[%emt 00:00:31]} Kg7 {[%clk
01:13:12]} {[%emt 00:01:33]} 18. Rc2 {[%clk 01:03:37]} {[%emt 00:00:53]} c6
{[%clk 01:13:19]} {[%emt 00:00:18]} 19. Nb4 {[%clk 01:02:24]} {[%emt 00:01:48]}
a5 {[%clk 01:13:00]} {[%emt 00:00:49]} 20. cxb5 {[%clk 01:02:09]} {[%emt
00:00:45]} axb4 {[%clk 01:12:55]} {[%emt 00:00:35]} 21. bxc6 {[%emt 00:00:20]}
Qe8 {[%emt 00:00:49]} 22. Qe1 {[%clk 00:59:57]} {[%emt 00:01:32]} Rc8 {[%clk
01:11:40]} {[%emt 00:01:45]} 23. Qxb4 {[%clk 00:58:43]} {[%emt 00:01:44]} Rxc6
{[%clk 01:11:46]} {[%emt 00:00:23]} 24. Re2 {[%clk 00:57:22]} {[%emt 00:01:53]}
Qd7 {[%clk 01:11:22]} {[%emt 00:00:54]} 25. d4 {[%clk 00:55:39]} {[%emt
00:02:13]} Ra8 {[%clk 01:10:23]} {[%emt 00:01:27]} 26. a3 {[%clk 00:54:18]}
{[%emt 00:01:52]} Ra4 {[%clk 01:10:31]} {[%emt 00:00:22]} 27. Qb3 {[%clk
00:52:51]} {[%emt 00:01:57]} Rc1+ {[%clk 01:10:01]} {[%emt 00:01:01]} 28. Bf1
{[%clk 00:52:48]} {[%emt 00:00:32]} Qh3 {[%clk 01:10:17]} {[%emt 00:00:14]} 0-1

[Event "DEM U10 2021"]
[Site "Willingen GER"]
[Date "2021.08.26"]
[Round "7"]
[White "Akcapinar, Timur"]
[Black "Dodul, Arthur"]
[Result "0-1"]
[Termination "normal"]
[Board "23"]
[WhiteElo "1216"]
[BlackElo "1285"]
[WhiteClock "00:01:49"]
[BlackClock "00:28:27"]
[PlyCount "80"]
[WhiteFideId "16287509"]
[BlackFideId "34609016"]
[EventCountry "GER"]
[EventRounds "11"]
[EventType "swiss"]
[EventDate "2021.08.22"]

1. e4 {[%clk 01:15:58]} {[%emt 00:00:02]} e5 {[%clk 01:15:43]} {[%emt
00:00:17]} 2. Nf3 {[%clk 01:16:22]} {[%emt 00:00:06]} Nc6 {[%clk 01:16:00]}
{[%emt 00:00:12]} 3. d4 {[%clk 01:16:43]} {[%emt 00:00:09]} exd4 {[%clk
01:16:08]} {[%emt 00:00:23]} 4. Bc4 {[%clk 01:14:18]} {[%emt 00:02:55]} Nf6
{[%clk 01:16:13]} {[%emt 00:00:26]} 5. e5 {[%clk 01:14:12]} {[%emt 00:00:35]}
d5 {[%clk 01:16:13]} {[%emt 00:00:27]} 6. Bb5 {[%clk 01:13:52]} {[%emt
00:00:54]} Ne4 {[%clk 01:16:27]} {[%emt 00:00:14]} 7. Nxd4 {[%clk 01:14:14]}
{[%emt 00:00:09]} Bd7 {[%clk 01:16:27]} {[%emt 00:00:30]} 8. Bxc6 {[%clk
01:14:23]} {[%emt 00:00:21]} bxc6 {[%emt 00:00:10]} 9. O-O {[%clk 01:13:54]}
{[%emt 00:00:56]} c5 {[%clk 01:16:51]} {[%emt 00:00:29]} 10. Ne2 {[%clk
01:09:02]} {[%emt 00:05:22]} Bc6 {[%clk 01:15:51]} {[%emt 00:01:31]} 11. Ng3
{[%clk 01:00:55]} {[%emt 00:08:34]} Nxg3 {[%clk 01:05:15]} {[%emt 00:11:06]}
12. fxg3 {[%clk 00:59:29]} {[%emt 00:01:58]} Qe7 {[%clk 01:03:01]} {[%emt
00:02:42]} 13. Nd2 {[%clk 00:56:00]} {[%emt 00:04:00]} O-O-O {[%clk 01:00:45]}
{[%emt 00:02:38]} 14. Nf3 {[%clk 00:52:46]} {[%emt 00:03:53]} h6 {[%emt
00:04:43]} 15. Qd3 {[%clk 00:51:13]} {[%emt 00:01:54]} Bb7 {[%clk 00:52:06]}
{[%emt 00:05:03]} 16. Qa3 {[%clk 00:44:46]} {[%emt 00:06:59]} Kb8 {[%emt
00:03:04]} 17. c3 {[%clk 00:42:50]} {[%emt 00:01:28]} Qe6 {[%clk 00:48:14]}
{[%emt 00:02:42]} 18. Rb1 {[%clk 00:33:48]} {[%emt 00:09:36]} c4 {[%clk
00:43:33]} {[%emt 00:05:11]} 19. Qa4 {[%clk 00:30:37]} {[%emt 00:04:33]} Bc5+
{[%clk 00:42:34]} {[%emt 00:01:28]} 20. Kh1 {[%clk 00:28:06]} {[%emt 00:03:01]}
Rhe8 {[%clk 00:40:39]} {[%emt 00:02:23]} 21. b4 {[%clk 00:25:31]} {[%emt
00:03:04]} Bb6 {[%clk 00:38:59]} {[%emt 00:02:10]} 22. Qc2 {[%clk 00:23:25]}
{[%emt 00:02:40]} Qg6 {[%emt 00:03:19]} 23. Qxg6 {[%clk 00:21:30]} {[%emt
00:01:18]} fxg6 {[%clk 00:37:06]} {[%emt 00:00:13]} 24. a4 {[%clk 00:21:47]}
{[%emt 00:00:41]} a5 {[%emt 00:03:03]} 25. Re1 {[%clk 00:19:44]} {[%emt
00:01:02]} axb4 {[%clk 00:35:36]} {[%emt 00:00:59]} 26. Rxb4 {[%clk 00:17:37]}
{[%emt 00:02:36]} Ba5 {[%clk 00:34:59]} {[%emt 00:01:07]} 27. Rb5 {[%clk
00:14:11]} {[%emt 00:03:56]} Bxc3 {[%clk 00:35:00]} {[%emt 00:00:30]} 28. Re2
{[%clk 00:10:23]} {[%emt 00:04:17]} c6 {[%clk 00:33:52]} {[%emt 00:02:56]} 29.
Rb1 {[%clk 00:09:32]} {[%emt 00:01:20]} d4 {[%clk 00:33:17]} {[%emt 00:01:06]}
30. Bd2 {[%clk 00:09:13]} {[%emt 00:00:48]} d3 {[%clk 00:32:03]} {[%emt
00:01:44]} 31. Re4 {[%clk 00:05:26]} {[%emt 00:04:17]} Bxd2 {[%clk 00:32:02]}
{[%emt 00:00:32]} 32. Nxd2 {[%clk 00:05:31]} {[%emt 00:00:25]} c3 {[%clk
00:32:03]} {[%emt 00:00:22]} 33. Reb4 {[%clk 00:04:45]} {[%emt 00:01:22]} Re7
{[%clk 00:32:20]} {[%emt 00:00:14]} 34. a5 {[%clk 00:04:09]} {[%emt 00:01:06]}
c5 {[%clk 00:28:02]} {[%emt 00:04:48]} 35. Rb5 {[%clk 00:03:16]} {[%emt
00:01:22]} cxd2 {[%clk 00:28:16]} {[%emt 00:00:17]} 36. a6 {[%clk 00:03:17]}
{[%emt 00:00:30]} Rxe5 {[%clk 00:27:47]} {[%emt 00:00:57]} 37. Rxb7+ {[%clk
00:02:44]} {[%emt 00:01:04]} Ka8 {[%clk 00:28:06]} {[%emt 00:00:10]} 38. Rg1
{[%clk 00:02:10]} {[%emt 00:01:05]} Re1 {[%emt 00:00:07]} 39. Rb1 {[%clk
00:02:37]} Rde8 {[%clk 00:28:05]} {[%emt 00:00:55]} 40. Rbxe1 {[%clk 00:01:49]}
{[%emt 00:01:18]} Rxe1 {[%clk 00:28:27]} {[%emt 00:00:09]} 0-1

[Event "DEM U10 2021"]
[Site "Willingen GER"]
[Date "2021.08.26"]
[Round "7"]
[White "Xu, Wanghan"]
[Black "Burban, Victor"]
[Result "0-1"]
[Termination "normal"]
[Board "24"]
[WhiteElo "1289"]
[BlackElo "1215"]
[WhiteClock "00:58:14"]
[BlackClock "00:29:01"]
[PlyCount "80"]
[WhiteFideId "34608745"]
[BlackFideId "34609032"]
[EventCountry "GER"]
[EventRounds "11"]
[EventType "swiss"]
[EventDate "2021.08.22"]

1. e4 {[%clk 01:15:59]} e6 {[%clk 01:15:55]} {[%emt 00:00:06]} 2. d3 {[%clk
01:16:24]} {[%emt 00:00:05]} d5 {[%clk 01:16:17]} {[%emt 00:00:08]} 3. Nd2
{[%clk 01:16:47]} {[%emt 00:00:07]} c5 {[%clk 01:15:26]} {[%emt 00:01:20]} 4.
Ngf3 {[%clk 01:17:09]} {[%emt 00:00:08]} Nc6 {[%clk 01:15:13]} {[%emt
00:00:43]} 5. g3 {[%clk 01:17:25]} {[%emt 00:00:14]} g6 {[%clk 01:15:32]}
{[%emt 00:00:11]} 6. Bg2 {[%clk 01:17:37]} {[%emt 00:00:19]} Bg7 {[%clk
01:14:36]} {[%emt 00:01:26]} 7. O-O {[%clk 01:17:53]} {[%emt 00:00:13]} Nge7
{[%clk 01:14:33]} {[%emt 00:00:34]} 8. c3 {[%clk 01:18:10]} {[%emt 00:00:12]}
O-O {[%clk 01:14:09]} {[%emt 00:00:54]} 9. Re1 {[%clk 01:18:21]} {[%emt
00:00:19]} b5 {[%clk 01:12:28]} {[%emt 00:02:11]} 10. exd5 {[%clk 01:18:10]}
{[%emt 00:00:41]} exd5 {[%clk 01:10:48]} {[%emt 00:02:10]} 11. Qc2 {[%clk
01:17:19]} {[%emt 00:01:22]} a5 {[%clk 01:09:12]} {[%emt 00:02:05]} 12. Nf1
{[%clk 01:15:22]} {[%emt 00:02:27]} b4 {[%clk 01:07:40]} {[%emt 00:02:03]} 13.
c4 {[%clk 01:15:00]} {[%emt 00:00:52]} dxc4 {[%clk 01:05:13]} {[%emt 00:02:56]}
14. dxc4 {[%emt 00:00:20]} a4 {[%clk 01:03:00]} {[%emt 00:02:41]} 15. Rb1
{[%clk 01:13:28]} {[%emt 00:02:15]} Bf5 {[%clk 01:02:15]} {[%emt 00:01:14]} 16.
Re4 {[%clk 01:12:37]} {[%emt 00:01:21]} Nc8 {[%clk 00:58:19]} {[%emt 00:04:24]}
17. Nh4 {[%clk 01:12:50]} {[%emt 00:00:19]} Bxe4 {[%clk 00:57:07]} {[%emt
00:01:40]} 18. Qxe4 {[%clk 01:13:00]} {[%emt 00:00:23]} N8e7 {[%clk 00:55:57]}
{[%emt 00:01:39]} 19. Qe1 {[%clk 01:12:45]} {[%emt 00:00:45]} Rb8 {[%clk
00:54:14]} {[%emt 00:02:13]} 20. Nf3 {[%clk 01:12:04]} {[%emt 00:01:11]} b3
{[%clk 00:52:26]} {[%emt 00:02:18]} 21. a3 {[%clk 01:12:24]} {[%emt 00:00:11]}
Qd3 {[%clk 00:48:42]} {[%emt 00:04:13]} 22. Bg5 {[%clk 01:11:20]} {[%emt
00:01:34]} Rfe8 {[%clk 00:45:05]} {[%emt 00:04:07]} 23. Qd2 {[%clk 01:10:30]}
{[%emt 00:01:20]} Qxb1 {[%clk 00:42:36]} {[%emt 00:02:58]} 24. Bxe7 {[%clk
01:10:31]} {[%emt 00:00:30]} Nxe7 {[%clk 00:40:38]} {[%emt 00:02:28]} 25. Qd6
{[%clk 01:10:14]} {[%emt 00:00:48]} Qxb2 {[%clk 00:38:55]} {[%emt 00:02:12]}
26. Qxc5 {[%clk 01:10:18]} {[%emt 00:00:27]} Qc2 {[%clk 00:38:21]} {[%emt
00:01:04]} 27. Ne3 {[%clk 01:09:37]} {[%emt 00:01:10]} Qc1+ {[%clk 00:37:42]}
{[%emt 00:01:09]} 28. Bf1 {[%clk 01:09:02]} {[%emt 00:01:05]} b2 {[%clk
00:36:22]} {[%emt 00:01:50]} 29. Kg2 {[%clk 01:07:45]} {[%emt 00:01:47]} b1=Q
{[%clk 00:36:00]} {[%emt 00:00:53]} 30. h4 {[%clk 01:05:52]} {[%emt 00:02:23]}
Nf5 {[%clk 00:34:57]} {[%emt 00:01:32]} 31. Nh2 {[%clk 01:05:23]} {[%emt
00:00:58]} Nxe3+ {[%clk 00:34:10]} {[%emt 00:01:18]} 32. fxe3 {[%clk 01:04:35]}
{[%emt 00:01:17]} Qbc2+ {[%clk 00:33:49]} {[%emt 00:00:51]} 33. Kh3 {[%clk
01:03:21]} {[%emt 00:01:45]} Qxe3 {[%clk 00:32:33]} {[%emt 00:01:45]} 34. Qd5
{[%clk 01:02:28]} {[%emt 00:01:23]} Qe6+ {[%clk 00:30:37]} {[%emt 00:02:27]}
35. Qxe6 {[%clk 01:02:26]} {[%emt 00:00:32]} Rxe6 {[%clk 00:30:38]} {[%emt
00:00:28]} 36. Nf3 {[%clk 00:58:16]} {[%emt 00:04:41]} Re3 {[%clk 00:30:04]}
{[%emt 00:01:05]} 37. Bg2 {[%clk 00:58:07]} {[%emt 00:00:38]} Rb2 {[%clk
00:28:46]} {[%emt 00:01:49]} 38. Bh1 {[%clk 00:57:44]} {[%emt 00:00:52]} Qf5+
{[%clk 00:28:34]} {[%emt 00:00:42]} 39. g4 {[%clk 00:57:55]} {[%emt 00:00:19]}
Qxf3+ {[%clk 00:28:39]} {[%emt 00:00:24]} 40. Bxf3 {[%clk 00:58:14]} {[%emt
00:00:12]} Rxf3# {[%clk 00:29:01]} {[%emt 00:00:08]} 0-1